[Event "Play for Durgesh Fundraiser Blitz"]
[Site "Vishy Anand Arena"]
[Date "2020.09.19"]
[Round "1"]
[White "Naga jaswanth"]
[Black "Rohit Tidke"]
[Result "1/2-1/2"]
[WhiteElo "1620"]
[BlackElo "1635"]
[Annotator "NA"]
[PlyCount "97"]
[EventDate "2020.09.19"]
[EventType "swiss (blitz)"]

1. e4 c5 2. Nf3 e5 3. c3 d6 4. d4 cxd4 5. cxd4 Nc6 6. dxe5 dxe5 7. Qxd8+ Kxd8 8. Bg5+ Be7 9. Bxe7+ Ngxe7 10. Bb5 f5 11. exf5 Bxf5 12. Bxc6 Nxc6 13. O-O Kc7 14. Re1 Rhe8 15. Nc3 a6 16. Nd5+ Kd7 17. Nb6+ Kc7 18. Nxa8+ Rxa8 19. Re2 Rd8 20. Rae1 Rd5 21. Nxe5 Nxe5 22. Rxe5 Rxe5 23. Rxe5 Bg6 24. Re7+ Kb6 25. Rxg7 Kc5 26. Rxb7 a5 27. Ra7 Kb4 28. a3+ Ka4 29. Rg7 Kb3 30. Ra7 a4 31. h3 Kxb2 32. Rxa4 Kb3 33. Rg4 Kxa3 34. Rxg6 hxg6 35. g4 Kb4 36. h4 Kc5 37. h5 gxh5 38. gxh5 Kd6 39. h6 Ke7 40. h7 Kf7 41. h8=Q Ke6 42. Qh3+ Kd5 43. f3 Ke5 44. Qg4 Kf6 45. f4 Kf7 46. f5 Ke7 47. Qg5+ Kf7 48. Qg6+ Kf8 49. f6 1/2-1/2

[Event "Play for Durgesh Fundraiser Blitz"]
[Site "Vishy Anand Arena"]
[Date "2020.09.19"]
[Round "1"]
[White "Nagaramchess"]
[Black "Danish2009"]
[Result "1-0"]
[WhiteElo "1620"]
[BlackElo "1438"]
[Annotator "NA"]
[PlyCount "71"]
[EventDate "2020.09.19"]
[EventType "swiss (blitz)"]

1. e4 e5 2. Nf3 Nc6 3. Bc4 Bc5 4. O-O Nf6 5. d3 O-O 6. Bg5 h6 7. Bh4 d6 8. h3 a6 9. a4 Na5 10. Ba2 Re8 11. Nc3 Bb4 12. Nd5 Bc5 13. c3 Ba7 14. Nxf6+ gxf6 15. Nd2 Bd7 16. Qf3 Kg7 17. Bc4 Nxc4 18. Nxc4 Be6 19. Ne3 Bxe3 20. fxe3 Kh7 21. Bxf6 Qd7 22. Qh5 Rg8 23. Rf3 Rg6 24. Raf1 Rag8 25. R1f2 Qxa4 26. d4 exd4 27. exd4 Qa1+ 28. Kh2 Qc1 29. d5 Bd7 30. Bd4 c6 31. Rxf7+ R8g7 32. Rxg7+ Rxg7 33. Bxg7 Kxg7 34. Rf7+ Kg8 35. Qg6+ Kh8 36. Rh7# 1-0

[Event "Play for Durgesh Fundraiser Blitz"]
[Site "Vishy Anand Arena"]
[Date "2020.09.19"]
[Round "1"]
[White "Nalini Agarwala"]
[Black "Shankhodip"]
[Result "0-1"]
[WhiteElo "1620"]
[BlackElo "1369"]
[Annotator "NA"]
[PlyCount "52"]
[EventDate "2020.09.19"]
[EventType "swiss (blitz)"]

1. e4 c5 2. Nc3 a6 3. Bc4 e6 4. Nf3 b5 5. Bd3 d5 6. e5 d4 7. Ne4 c4 8. Be2 d3 9. cxd3 cxd3 10. Bf1 Bb7 11. Nc3 Nc6 12. b3 Nb4 13. Ba3 Nc2+ 14. Qxc2 dxc2 15. Bxf8 Kxf8 16. Bd3 Bxf3 17. gxf3 Qxd3 18. f4 b4 19. Na4 Qe4+ 20. Kf1 Qxh1+ 21. Ke2 Qxa1 22. Nb6 c1=Q 23. Nxa8 Qf1+ 24. Kf3 Qad1+ 25. Kg3 Qg1+ 26. Kh4 Qgg4# 0-1

[Event "Play for Durgesh Fundraiser Blitz"]
[Site "Vishy Anand Arena"]
[Date "2020.09.19"]
[Round "1"]
[White "RAGHAVS245"]
[Black "Boonrook"]
[Result "0-1"]
[WhiteElo "1620"]
[BlackElo "1275"]
[Annotator "NA"]
[PlyCount "70"]
[EventDate "2020.09.19"]
[EventType "swiss (blitz)"]

1. d3 d5 2. Nf3 Nc6 3. Nc3 e6 4. d4 Nf6 5. e3 a6 6. Qe2 Bb4 7. Bd2 Bxc3 8. Bxc3 Bd7 9. O-O-O Qe7 10. Ne5 Nxe5 11. dxe5 Ne4 12. f3 Nxc3 13. bxc3 Qa3+ 14. Kd2 Qxa2 15. f4 Bb5 16. Qh5 Ba4 17. Be2 Qxc2+ 18. Ke1 Qxc3+ 19. Kf2 Bxd1 20. Bxd1 O-O-O 21. Qxf7 Qd2+ 22. Be2 g5 23. fxg5 Rhf8 24. Qxf8 Rxf8+ 25. Kg3 Qxe2 26. Rc1 Qxe3+ 27. Kg4 Qxc1 28. Kh5 Qh1 29. Kh6 Qxh2+ 30. Kg7 Qf4 31. g6 hxg6 32. Kxg6 Qf5+ 33. Kg7 Qf7+ 34. Kh6 Rh8+ 35. Kg5 Qf5# 0-1

[Event "Play for Durgesh Fundraiser Blitz"]
[Site "Vishy Anand Arena"]
[Date "2020.09.19"]
[Round "1"]
[White "Reymysterio"]
[Black "SymbolX"]
[Result "0-1"]
[WhiteElo "1620"]
[BlackElo "2050"]
[PlyCount "70"]
[EventDate "2020.09.19"]
[EventType "swiss (blitz)"]

1. c4 b6 2. Nf3 Bb7 3. Nc3 c5 4. d4 cxd4 5. Nxd4 Nc6 6. e4 g6 7. Be3 Bg7 8. g3 Nf6 9. Bg2 O-O 10. O-O d6 11. h3 Rc8 12. b3 Nd7 13. Nxc6 Bxc6 14. Bd4 a6 15. Bxg7 Kxg7 16. Nd5 Bxd5 17. exd5 b5 18. Qd4+ Kg8 19. cxb5 axb5 20. Rfe1 Nc5 21. h4 Qd7 22. Kh2 Rc7 23. Bh3 f5 24. h5 Rf6 25. hxg6 hxg6 26. g4 fxg4 27. Bxg4 Qd8 28. Be6+ Nxe6 29. Rxe6 Rxe6 30. dxe6 Qf8 31. Rg1 Qh6+ 32. Kg2 Rc5 33. Rh1 Rg5+ 34. Kf1 Qxh1+ 35. Ke2 Re5+ 0-1

[Event "Play for Durgesh Fundraiser Blitz"]
[Site "Vishy Anand Arena"]
[Date "2020.09.19"]
[Round "1"]
[White "S A Serock"]
[Black "Tknayak101"]
[Result "0-1"]
[WhiteElo "1620"]
[BlackElo "1618"]
[Annotator "NA"]
[PlyCount "82"]
[EventDate "2020.09.19"]
[EventType "swiss (blitz)"]

1. e4 c5 2. Nf3 d6 3. Bc4 e6 4. O-O Nf6 5. d3 Be7 6. Be3 O-O 7. Nbd2 a6 8. a4 Nc6 9. c3 Bd7 10. Ba2 Rb8 11. d4 b5 12. axb5 axb5 13. dxc5 dxc5 14. c4 b4 15. Bb3 Ng4 16. h3 Nxe3 17. fxe3 Bf6 18. Qc2 Ne5 19. Nxe5 Bxe5 20. Nf3 Bg3 21. Qd3 Qc7 22. Rad1 Bc6 23. Bc2 Rfd8 24. Qe2 b3 25. Bb1 Be5 26. Rxd8+ Rxd8 27. Nxe5 Qxe5 28. Rd1 Rxd1+ 29. Qxd1 h6 30. Qd8+ Kh7 31. Qd3 g6 32. Qxb3 Bxe4 33. Bxe4 Qxe4 34. Qd1 Qxe3+ 35. Kh2 Qf4+ 36. Kh1 Qxc4 37. Qd7 Qf1+ 38. Kh2 c4 39. h4 h5 40. g3 Qf2+ 41. Kh1 Qf3+ 0-1

[Event "Play for Durgesh Fundraiser Blitz"]
[Site "Vishy Anand Arena"]
[Date "2020.09.19"]
[Round "1"]
[White "SHUSHANTH 4789"]
[Black "Aditya_06"]
[Result "0-1"]
[WhiteElo "1620"]
[BlackElo "1508"]
[Annotator "NA"]
[PlyCount "36"]
[EventDate "2020.09.19"]
[EventType "swiss (blitz)"]

1. e4 c5 2. Bc4 e6 3. Nf3 d5 4. exd5 exd5 5. Bb5+ Nc6 6. Bxc6+ bxc6 7. O-O Nf6 8. Ng5 Be7 9. Re1 O-O 10. f4 Bg4 11. Re2 Bxe2 12. Qxe2 Re8 13. Nxf7 Kxf7 14. g4 Bd6 15. g5 Rxe2 16. gxf6 Qxf6 17. Nc3 Qg6+ 18. Kf1 Qg2# 0-1

[Event "Play for Durgesh Fundraiser Blitz"]
[Site "Vishy Anand Arena"]
[Date "2020.09.19"]
[Round "1"]
[White "Saksham2103"]
[Black "Tustintin"]
[Result "1-0"]
[WhiteElo "1620"]
[BlackElo "1628"]
[Annotator "NA"]
[PlyCount "73"]
[EventDate "2020.09.19"]
[EventType "swiss (blitz)"]

1. e4 c6 2. Nf3 d5 3. exd5 cxd5 4. d4 Bg4 5. Bd3 e6 6. c3 Nf6 7. O-O Bd6 8. Bg5 h6 9. Bh4 g5 10. Bg3 Bxg3 11. hxg3 h5 12. Be2 Ne4 13. Nh2 Bxe2 14. Qxe2 h4 15. g4 Qc7 16. Nd2 f5 17. Nxe4 dxe4 18. gxf5 exf5 19. f3 h3 20. fxe4 hxg2 21. exf5+ Kd8 22. Qxg2 Nc6 23. Qxg5+ Kc8 24. Qf4 Qg7+ 25. Qg4 Qf6 26. Rae1 Ne7 27. Rxe7 Qxe7 28. f6+ Qd7 29. Qxd7+ Kxd7 30. Ng4 Rag8 31. Rf4 Ke6 32. Kf2 Rf8 33. Ke3 Rh3+ 34. Ke4 Rh4 35. Kf3 Rh3+ 36. Kg2 Rfh8 37. f7 1-0

[Event "Play for Durgesh Fundraiser Blitz"]
[Site "Vishy Anand Arena"]
[Date "2020.09.19"]
[Round "1"]
[White "Shaarav heda"]
[Black "Mukunda2507"]
[Result "0-1"]
[WhiteElo "1620"]
[BlackElo "1645"]
[Annotator "NA"]
[PlyCount "44"]
[EventDate "2020.09.19"]
[EventType "swiss (blitz)"]

1. e4 c5 2. Nf3 d6 3. Nc3 Nf6 4. Bb5+ Nbd7 5. O-O g6 6. e5 dxe5 7. d3 a6 8. Bg5 axb5 9. Nxb5 Bg7 10. Bxf6 Bxf6 11. Nc7+ Qxc7 12. Nxe5 Bxe5 13. Re1 Bxh2+ 14. Kh1 b6 15. Qh5 gxh5 16. Rxe7+ Kxe7 17. Rd1 h4 18. Re1+ Ne5 19. Rxe5+ Qxe5 20. d4 cxd4 21. c3 Bg3 22. cxd4 Qe1# 0-1

[Event "Play for Durgesh Fundraiser Blitz"]
[Site "Vishy Anand Arena"]
[Date "2020.09.19"]
[Round "1"]
[White "Shashank N D"]
[Black "Crazyintrovert"]
[Result "0-1"]
[WhiteElo "1620"]
[BlackElo "1514"]
[Annotator "NA"]
[PlyCount "76"]
[EventDate "2020.09.19"]
[EventType "swiss (blitz)"]

1. e4 e5 2. d4 Nc6 3. d5 Nb8 4. Nc3 Nf6 5. Bg5 g6 6. Bxf6 Qxf6 7. Nf3 Bg7 8. Bd3 O-O 9. O-O d6 10. Nb5 Qd8 11. Nc3 a6 12. a3 Nd7 13. Qd2 Nb6 14. Ne2 Bg4 15. Qe3 c6 16. h3 Bd7 17. dxc6 Bxc6 18. Nc3 Rc8 19. Qe2 Re8 20. Qe3 Na8 21. Bc4 b5 22. Ba2 Bb7 23. Rac1 Nb6 24. b4 Nc4 25. Bxc4 Rxc4 26. Rfd1 Qc7 27. Rd3 Rc8 28. Ne2 Rxe4 29. Qd2 Rc4 30. Rc3 Rxc3 31. Nxc3 Qxc3 32. Qxc3 Rxc3 33. Rd1 Bxf3 34. gxf3 Rxf3 35. Rxd6 Rxa3 36. c4 Bf8 37. Rc6 bxc4 38. Rxc4 Ra1+ 0-1

[Event "Play for Durgesh Fundraiser Blitz"]
[Site "Vishy Anand Arena"]
[Date "2020.09.19"]
[Round "1"]
[White "Shivanibai"]
[Black "GIRI_CHESSBASE"]
[Result "0-1"]
[WhiteElo "1620"]
[BlackElo "1264"]
[Annotator "NA"]
[PlyCount "46"]
[EventDate "2020.09.19"]
[EventType "swiss (blitz)"]

1. e4 e5 2. Nf3 Nc6 3. Nc3 Nf6 4. Nxe5 Nxe5 5. d4 Nc6 6. e5 Qe7 7. Be2 d6 8. exf6 Qxf6 9. O-O Bf5 10. d5 Ne5 11. Bf4 Qg6 12. Re1 Bxc2 13. Qd4 O-O-O 14. Bxe5 dxe5 15. Qxe5 Bd6 16. Qd4 c6 17. Qxa7 cxd5 18. Nxd5 Qf5 19. Qd4 Bxh2+ 20. Kxh2 Qxd5 21. Qxd5 Rxd5 22. Bf3 Rd6 23. Rac1 Rh6+ 0-1

[Event "Play for Durgesh Fundraiser Blitz"]
[Site "Vishy Anand Arena"]
[Date "2020.09.19"]
[Round "1"]
[White "Shreesuday"]
[Black "Aanjaneya"]
[Result "0-1"]
[WhiteElo "1620"]
[BlackElo "1874"]
[Annotator "NA"]
[PlyCount "110"]
[EventDate "2020.09.19"]
[EventType "swiss (blitz)"]

1. d4 d5 2. Bf4 Nf6 3. e3 c5 4. c3 Nc6 5. Nd2 e6 6. Bd3 Bd6 7. Bg3 e5 8. dxe5 Nxe5 9. Bc2 O-O 10. Ngf3 Nxf3+ 11. Nxf3 b6 12. Bxd6 Qxd6 13. O-O Rd8 14. Qd2 Bg4 15. Qe2 Qc6 16. Rad1 Re8 17. h3 Bh5 18. Rfe1 Rad8 19. g4 Nxg4 20. hxg4 Bxg4 21. Kg2 Re6 22. e4 Rf6 23. exd5 Qd7 24. Be4 Re8 25. Qd3 Rxe4 26. Qxe4 Bxf3+ 27. Qxf3 Rxf3 28. Kxf3 Qf5+ 29. Kg2 Qg4+ 30. Kh2 Qh4+ 31. Kg2 Qg5+ 32. Kh2 Qf4+ 33. Kg2 h5 34. Re8+ Kh7 35. Ree1 Qg4+ 36. Kh2 h4 37. Rg1 Qf4+ 38. Kg2 g5 39. d6 g4 40. Rh1 Qf3+ 41. Kh2 g3+ 42. fxg3 hxg3+ 43. Kh3 g2+ 44. Kh2 gxh1=Q+ 45. Rxh1 Qd3 46. Kg1+ Kg7 47. Rh2 Qxd6 48. Rg2+ Kf8 49. Rf2 Qd1+ 50. Kg2 Qg4+ 51. Kf1 f5 52. Ke1 f4 53. Kf1 f3 54. Ke1 Qe4+ 55. Kf1 Qb1# 0-1

[Event "Play for Durgesh Fundraiser Blitz"]
[Site "Vishy Anand Arena"]
[Date "2020.09.19"]
[Round "1"]
[White "Shreyas59"]
[Black "Chessking2003 qw"]
[Result "1-0"]
[WhiteElo "1620"]
[BlackElo "1761"]
[Annotator "NA"]
[PlyCount "123"]
[EventDate "2020.09.19"]
[EventType "swiss (blitz)"]

1. c4 e5 2. Nc3 Nc6 3. g3 f5 4. Bg2 Nf6 5. e3 Bb4 6. Nge2 d6 7. d4 O-O 8. O-O Qe8 9. a3 Bxc3 10. Nxc3 e4 11. b4 d5 12. cxd5 Ne7 13. Qb3 Qf7 14. f3 Nexd5 15. Nxd5 Qxd5 16. Qxd5+ Nxd5 17. fxe4 fxe4 18. Rxf8+ Kxf8 19. Bxe4 Nf6 20. Bd3 a5 21. Bb2 axb4 22. axb4 Rxa1+ 23. Bxa1 b6 24. Kg2 Bb7+ 25. Kf2 Ng4+ 26. Ke2 Nxh2 27. Bxh7 Ke7 28. Bf5 Nf3 29. e4 Ng5 30. d5 c6 31. dxc6 Bxc6 32. Bxg7 Nxe4 33. g4 Kf7 34. Bd4 b5 35. Ke3 Nd6 36. Bd3 Nc4+ 37. Kf4 Nd6 38. g5 Be8 39. g6+ Ke6 40. Kg5 Kd5 41. Bc5 Ne4+ 42. Bxe4+ Kxe4 43. g7 Bf7 44. Kf6 Bg8 45. Ke7 Kf5 46. Kf8 Kg6 47. Kxg8 Kf5 48. Kf8 Ke4 49. g8=Q Kd3 50. Qd5+ Kc3 51. Kf7 Kb2 52. Ke6 Ka3 53. Ke5 Kb2 54. Ke4 Ka3 55. Kd3 Kb2 56. Qd4+ Ka3 57. Qa1+ Kb3 58. Qc3+ Ka4 59. Qa1+ Kb3 60. Qd1+ Ka3 61. Kc3 Ka2 62. Qc2+ 1-0

[Event "Play for Durgesh Fundraiser Blitz"]
[Site "Vishy Anand Arena"]
[Date "2020.09.19"]
[Round "1"]
[White "Smokyqueen"]
[Black "Suryakhanal"]
[Result "0-1"]
[WhiteElo "1620"]
[BlackElo "1754"]
[Annotator "NA"]
[PlyCount "120"]
[EventDate "2020.09.19"]
[EventType "swiss (blitz)"]

1. e4 c5 2. Nf3 d6 3. c3 Nf6 4. d3 g6 5. Be2 Bg7 6. O-O O-O 7. Qc2 Nc6 8. Re1 Bg4 9. Be3 Rc8 10. Nbd2 b5 11. a3 a5 12. Nf1 Qb6 13. Ng3 Nd7 14. Rec1 b4 15. axb4 axb4 16. c4 h5 17. h3 Bxf3 18. Bxf3 Nde5 19. Qe2 h4 20. Nf1 Nxf3+ 21. gxf3 Nd4 22. Bxd4 Bxd4 23. Ne3 e6 24. f4 Ra8 25. Rab1 Ra2 26. Rc2 Rfa8 27. Qg4 Qd8 28. f5 Qf6 29. fxg6 fxg6 30. Kg2 Ra1 31. Rxa1 Rxa1 32. Re2 Kg7 33. Qf3 Bxb2 34. Qxf6+ Bxf6 35. Ng4 Bd4 36. Kf3 b3 37. Ne3 b2 38. Rxb2 Bxb2 39. Ng4 Bd4 40. Kf4 Rf1 41. f3 Bb2 42. Ne3 Bc1 43. e5 dxe5+ 44. Ke4 Re1 45. Kxe5 Rxe3+ 46. Kd6 Rxd3+ 47. Kxc5 Rxf3 48. Kb5 e5 49. c5 e4 50. c6 Rc3 51. Kb6 e3 52. c7 e2 53. Kb7 e1=Q 54. c8=Q Rxc8 55. Kxc8 g5 56. Kc7 Qe6 57. Kd8 Qf7 58. Kc8 Qe7 59. Kb8 Qd7 60. Ka8 Kf6 0-1

[Event "Play for Durgesh Fundraiser Blitz"]
[Site "Vishy Anand Arena"]
[Date "2020.09.19"]
[Round "1"]
[White "Soham Sheogekar"]
[Black "ASB"]
[Result "0-1"]
[WhiteElo "1620"]
[BlackElo "2037"]
[Annotator "NA"]
[PlyCount "40"]
[EventDate "2020.09.19"]
[EventType "swiss (blitz)"]

1. e4 d5 2. exd5 Nf6 3. Nc3 Nxd5 4. d4 Nc6 5. Bd2 Bf5 6. Nf3 e6 7. Be2 Bd6 8. O-O O-O 9. a3 Nf4 10. Bxf4 Bxf4 11. Bd3 Bg4 12. Be2 Bxf3 13. Bxf3 Nxd4 14. Bxb7 Rb8 15. Be4 Rxb2 16. Rb1 Rxb1 17. Qxb1 Bd2 18. Rd1 Bxc3 19. Qb3 Ne2+ 20. Kf1 Qxd1# 0-1

[Event "Play for Durgesh Fundraiser Blitz"]
[Site "Vishy Anand Arena"]
[Date "2020.09.19"]
[Round "1"]
[White "Spoorthikiran"]
[Black "Passedpawnindia"]
[Result "0-1"]
[WhiteElo "1620"]
[BlackElo "1811"]
[Annotator "NA"]
[PlyCount "46"]
[EventDate "2020.09.19"]
[EventType "swiss (blitz)"]

1. d4 Nf6 2. Nf3 g6 3. e3 Bg7 4. Bd3 O-O 5. O-O d6 6. Nbd2 Nc6 7. c4 e5 8. d5 Nb8 9. Re1 Qe7 10. Qc2 Na6 11. e4 Nc5 12. b4 Nxd3 13. Qxd3 a5 14. b5 Nd7 15. Nf1 Nc5 16. Qc2 f5 17. exf5 Bxf5 18. Qd1 Nd3 19. Bg5 Qd7 20. Re2 e4 21. Nh4 Bxa1 22. Ng3 Bd4 23. Ngxf5 gxf5 0-1

[Event "Play for Durgesh Fundraiser Blitz"]
[Site "Vishy Anand Arena"]
[Date "2020.09.19"]
[Round "1"]
[White "Stormingrage_60"]
[Black "Arghyadip"]
[Result "0-1"]
[WhiteElo "1620"]
[BlackElo "2189"]
[Annotator "NA"]
[PlyCount "64"]
[EventDate "2020.09.19"]
[EventType "swiss (blitz)"]

1. Nf3 g6 2. g3 Bg7 3. Bg2 e5 4. O-O d5 5. e3 Ne7 6. Ne1 O-O 7. f3 c5 8. Nc3 d4 9. exd4 cxd4 10. Ne4 f5 11. Nf2 Nd5 12. d3 Ne3 13. Bxe3 dxe3 14. Nh1 f4 15. g4 Nc6 16. Qe2 Nd4 17. Qd1 e2 18. Qd2 exf1=Q+ 19. Bxf1 Qb6 20. Qf2 Qxb2 21. Rd1 Be6 22. c3 Qxc3 23. Qg2 Bd5 24. Qf2 Qc6 25. Bg2 Rac8 26. Bf1 Bxf3 27. Nxf3 Nxf3+ 28. Kg2 Nd4+ 29. Kg1 Qc2 30. Qxc2 Rxc2 31. Ra1 e4 32. Rd1 Nf3# 0-1

[Event "Play for Durgesh Fundraiser Blitz"]
[Site "Vishy Anand Arena"]
[Date "2020.09.19"]
[Round "1"]
[White "Strangebhaina"]
[Black "Geethanjali2"]
[Result "0-1"]
[WhiteElo "1620"]
[BlackElo "1425"]
[Annotator "NA"]
[PlyCount "62"]
[EventDate "2020.09.19"]
[EventType "swiss (blitz)"]

1. e4 e5 2. Nf3 Nc6 3. Bb5 d6 4. c3 Bd7 5. O-O Nf6 6. Re1 g6 7. d4 exd4 8. cxd4 Be7 9. d5 Ne5 10. Bxd7+ Nfxd7 11. Nc3 Bf6 12. Bf4 O-O 13. Nxe5 Nxe5 14. Bxe5 Bxe5 15. Nb5 a6 16. Nc3 Qf6 17. Ne2 Bxb2 18. Rb1 b5 19. Qd2 Be5 20. a3 Rfe8 21. Rbc1 Bb2 22. Rxc7 Bxa3 23. Rb7 Rxe4 24. Rb6 Ree8 25. Rc6 a5 26. Rb6 Bb4 27. Qc2 Bxe1 28. Qd1 Qxf2+ 29. Kh1 Rxe2 30. Qxe2 Qxe2 31. Rxd6 Qf1# 0-1

[Event "Play for Durgesh Fundraiser Blitz"]
[Site "Vishy Anand Arena"]
[Date "2020.09.19"]
[Round "1"]
[White "SuhasMrinal"]
[Black "Atri Chattopadhyay"]
[Result "0-1"]
[WhiteElo "1620"]
[BlackElo "1871"]
[Annotator "NA"]
[PlyCount "42"]
[EventDate "2020.09.19"]
[EventType "swiss (blitz)"]

1. e4 c5 2. Nf3 Nc6 3. Bb5 g6 4. d4 cxd4 5. Nxd4 Bg7 6. Nf3 Qa5+ 7. Nc3 Bxc3+ 8. bxc3 Qxb5 9. Qd4 Nxd4 10. cxd4 d5 11. e5 Bf5 12. c3 Qd3 13. Bd2 Bg4 14. O-O-O Bf5 15. Kb2 Qc2+ 16. Ka3 b5 17. e6 b4+ 18. Kxb4 Rc8 19. Ka3 Rc4 20. exf7+ Kf8 21. Ng5 Ra4# 0-1

[Event "Play for Durgesh Fundraiser Blitz"]
[Site "Vishy Anand Arena"]
[Date "2020.09.19"]
[Round "1"]
[White "The_nicepencil1812"]
[Black "Anirudhha"]
[Result "0-1"]
[WhiteElo "1620"]
[BlackElo "2103"]
[Annotator "NA"]
[PlyCount "60"]
[EventDate "2020.09.19"]
[EventType "swiss (blitz)"]

1. e4 e5 2. Nf3 Nc6 3. Nc3 Nf6 4. d3 Bc5 5. Bg5 h6 6. Bh4 a6 7. Be2 g5 8. Bg3 d6 9. O-O O-O 10. h3 Ba7 11. Qd2 Ne7 12. Na4 Ng6 13. Nxe5 dxe5 14. Bxe5 Nxe5 15. Bh5 Nxh5 16. Rae1 Ng3 17. Kh2 Nxf1+ 18. Rxf1 Bd7 19. f4 Bxa4 20. fxe5 Qe7 21. Qe2 Qxe5+ 22. Kh1 Bc6 23. Rf5 Qxb2 24. Qh5 Qc1+ 25. Kh2 Bg1+ 26. Kg3 Qe1+ 27. Kg4 Qe2+ 28. Rf3 Qxg2+ 29. Kf5 Bd7+ 30. Ke5 Qh2+ 0-1

[Event "Play for Durgesh Fundraiser Blitz"]
[Site "Vishy Anand Arena"]
[Date "2020.09.19"]
[Round "1"]
[White "Tigerchamp"]
[Black "Pratul Rastogi"]
[Result "0-1"]
[WhiteElo "1620"]
[BlackElo "1311"]
[Annotator "NA"]
[PlyCount "124"]
[EventDate "2020.09.19"]
[EventType "swiss (blitz)"]

1. e4 e5 2. Nf3 Nc6 3. Bc4 d6 4. d3 h6 5. h4 Nf6 6. Nc3 Be7 7. Be3 O-O 8. Nd5 Be6 9. Nxf6+ Bxf6 10. Bxe6 fxe6 11. d4 exd4 12. Nxd4 Nxd4 13. Bxd4 Bxd4 14. Qxd4 e5 15. Qd1 Qf6 16. Rf1 g5 17. hxg5 hxg5 18. Qe2 c5 19. O-O-O Rad8 20. Rd2 b6 21. f3 Qe6 22. Rfd1 Qxa2 23. Rd3 Qa1+ 24. Kd2 Qa5+ 25. Kc1 Rf4 26. c3 Qa1+ 27. Kc2 Qa4+ 28. Kd2 c4 29. Re3 Qb3 30. Ke1 Rh4 31. Kf2 g4 32. fxg4 Qb5 33. Rf3 Rf8 34. Rxf8+ Kxf8 35. Qf3+ Ke7 36. Qe2 d5 37. exd5 Qe8 38. Qxe5+ Kd8 39. Qe7+ Qxe7 40. Re1 Qf7+ 41. Kg1 Rxg4 42. d6 Qf4 43. d7 Kxd7 44. b3 Qg3 45. Re2 Qd6 46. bxc4 Qd1+ 47. Kf2 Rf4+ 48. Kg3 Qxe2 49. Kxf4 Qxc4+ 50. Kf3 a5 51. g4 a4 52. g5 a3 53. g6 a2 54. g7 a1=Q 55. g8=Q Qxg8 56. c4 Qf6+ 57. Ke3 Qd6 58. c5 bxc5 59. Ke2 Qe8+ 60. Kf1 Qf6+ 61. Kg2 Qg8+ 62. Kh1 Qfh8# 0-1

[Event "Play for Durgesh Fundraiser Blitz"]
[Site "Vishy Anand Arena"]
[Date "2020.09.19"]
[Round "1"]
[White "Vickey"]
[Black "knowledge_gm"]
[Result "0-1"]
[WhiteElo "1620"]
[BlackElo "1904"]
[Annotator "NA"]
[PlyCount "46"]
[EventDate "2020.09.19"]
[EventType "swiss (blitz)"]

1. e3 e5 2. d4 exd4 3. exd4 d5 4. Nc3 Nf6 5. Nf3 Bb4 6. Bd2 O-O 7. Be2 Nbd7 8. O-O Re8 9. a3 Bd6 10. h3 Nf8 11. Bd3 Ng6 12. Bg5 c6 13. Bxg6 hxg6 14. Re1 Bf5 15. Ne2 Qd7 16. Bxf6 gxf6 17. Ng3 Bxg3 18. Rxe8+ Rxe8 19. fxg3 Qe7 20. g4 Qe3+ 21. Kh1 Be4 22. Nd2 Qxh3+ 23. Kg1 Qxg2# 0-1

[Event "Play for Durgesh Fundraiser Blitz"]
[Site "Vishy Anand Arena"]
[Date "2020.09.19"]
[Round "1"]
[White "Vivaan harjani"]
[Black "Thor_attack"]
[Result "0-1"]
[WhiteElo "1620"]
[BlackElo "1890"]
[Annotator "NA"]
[PlyCount "38"]
[EventDate "2020.09.19"]
[EventType "swiss (blitz)"]

1. e4 c5 2. Nf3 d6 3. Bb5+ Bd7 4. Bxd7+ Nxd7 5. Nc3 Ngf6 6. O-O g6 7. d4 cxd4 8. Nxd4 Bg7 9. Bg5 O-O 10. Bxf6 Nxf6 11. Re1 a6 12. Re3 b5 13. e5 dxe5 14. Rxe5 Rc8 15. Re3 Rc4 16. b3 Rxd4 17. Qf3 e5 18. Ne2 Rd1+ 19. Rxd1 Qxd1# 0-1

[Event "Play for Durgesh Fundraiser Blitz"]
[Site "Vishy Anand Arena"]
[Date "2020.09.19"]
[Round "1"]
[White "Vivaan_r_2204"]
[Black "Legacyplayer"]
[Result "0-1"]
[WhiteElo "1620"]
[BlackElo "1961"]
[Annotator "NA"]
[PlyCount "64"]
[EventDate "2020.09.19"]
[EventType "swiss (blitz)"]

1. e4 c5 2. Bc4 e6 3. d3 d5 4. exd5 exd5 5. Qe2+ Be7 6. Bb3 Nf6 7. h3 O-O 8. Nf3 b5 9. O-O c4 10. dxc4 dxc4 11. Bxc4 bxc4 12. Qxc4 Ba6 13. Qf4 Bxf1 14. Kxf1 Qd1+ 15. Ne1 Nc6 16. Nc3 Qd4 17. Qg3 Ne4 18. Nxe4 Qxe4 19. Be3 f5 20. Rd1 f4 21. Bxf4 Qxf4 22. Qxf4 Rxf4 23. Nf3 Rd8 24. Rb1 Nd4 25. Nxd4 Rdxd4 26. Kg1 Rd2 27. Re1 Bc5 28. Re8+ Kf7 29. Re1 Bxf2+ 30. Kh1 Bxe1 31. c4 Bg3 32. Kg1 Rd1# 0-1

[Event "Play for Durgesh Fundraiser Blitz"]
[Site "Vishy Anand Arena"]
[Date "2020.09.19"]
[Round "1"]
[White "Yutikareddi"]
[Black "Garvgaur1008"]
[Result "0-1"]
[WhiteElo "1620"]
[BlackElo "1901"]
[Annotator "NA"]
[PlyCount "26"]
[EventDate "2020.09.19"]
[EventType "swiss (blitz)"]

1. e4 c6 2. Nf3 d5 3. e5 Bf5 4. Bd3 Bxd3 5. c3 e6 6. Nd4 c5 7. Nf3 Nc6 8. Ng1 Nxe5 9. Qh5 Bf5 10. Na3 Nf6 11. Qh4 Be7 12. Qg5 Ne4 13. Qxg7 Bf6 0-1

[Event "Play for Durgesh Fundraiser Blitz"]
[Site "Vishy Anand Arena"]
[Date "2020.09.19"]
[Round "1"]
[White "aaryan jogalekar"]
[Black "aaronreeve"]
[Result "0-1"]
[WhiteElo "1620"]
[BlackElo "1840"]
[Annotator "NA"]
[PlyCount "30"]
[EventDate "2020.09.19"]
[EventType "swiss (blitz)"]

1. e4 e5 2. Nf3 Nf6 3. Qe2 Nc6 4. Nc3 d6 5. d4 exd4 6. Nd5 Be7 7. Nxf6+ Bxf6 8. Bf4 d5 9. exd5+ Ne7 10. Ne5 O-O 11. Qf3 Nxd5 12. O-O-O Nxf4 13. Qxf4 Bg5 14. Ng4 Bxf4+ 15. Kb1 Bxg4 0-1

[Event "Play for Durgesh Fundraiser Blitz"]
[Site "Vishy Anand Arena"]
[Date "2020.09.19"]
[Round "1"]
[White "grandmaster1361"]
[Black "KananGarayev"]
[Result "0-1"]
[WhiteElo "1620"]
[BlackElo "2231"]
[Annotator "NA"]
[PlyCount "56"]
[EventDate "2020.09.19"]
[EventType "swiss (blitz)"]

1. e4 e6 2. Nf3 d5 3. exd5 exd5 4. d4 Nf6 5. Nc3 c5 6. Bb5+ Nc6 7. Qe2+ Be7 8. Bxc6+ bxc6 9. dxc5 O-O 10. O-O Bxc5 11. Bg5 a5 12. Rad1 Ba6 13. Qd2 Bxf1 14. Kxf1 Re8 15. Na4 Bf8 16. Qd4 Re4 17. Qb6 Rxa4 18. Qxc6 Rc4 19. Qb5 Rb8 20. Qa6 Qb6 21. Qxb6 Rxb6 22. b3 Rxc2 23. a4 h6 24. Bxf6 Rxf6 25. h3 Bc5 26. Rxd5 Rxf2+ 27. Ke1 Rc2 28. Kd1 Rc3 0-1

[Event "Play for Durgesh Fundraiser Blitz"]
[Site "Vishy Anand Arena"]
[Date "2020.09.19"]
[Round "1"]
[White "kaushikr98"]
[Black "Gak_chess"]
[Result "0-1"]
[WhiteElo "1620"]
[BlackElo "2288"]
[Annotator "NA"]
[PlyCount "98"]
[EventDate "2020.09.19"]
[EventType "swiss (blitz)"]

1. e4 c6 2. d4 d5 3. exd5 cxd5 4. Nf3 Nc6 5. Be2 g6 6. O-O Bg7 7. c3 Nh6 8. b4 O-O 9. a4 Nf5 10. Bf4 Nd6 11. Nbd2 Bg4 12. h3 Bxf3 13. Nxf3 Rc8 14. Qd2 Ne4 15. Qc1 Nxd4 16. Nxd4 Bxd4 17. cxd4 Rxc1 18. Raxc1 Qb6 19. Be3 Kg7 20. b5 f5 21. Rfd1 f4 22. Bd2 Nxd2 23. Rxd2 e6 24. Bg4 h5 25. Bf3 Rf7 26. Re1 Kf6 27. Rc2 Rc7 28. Rxc7 Qxc7 29. Rd1 Qc2 30. a5 Qa4 31. a6 bxa6 32. bxa6 Qxa6 33. Rc1 Qa4 34. Rc7 Qxd4 35. Kh2 Qxf2 36. Rc8 a5 37. Ra8 Qa2 38. Rf8+ Ke7 39. Ra8 a4 40. Ra7+ Kf6 41. Ra8 a3 42. Rf8+ Ke7 43. Ra8 Qb2 44. Ra7+ Kf6 45. Ra8 a2 46. Ra7 a1=Q 47. Rxa1 Qxa1 48. h4 Qe1 49. Kh3 Qg3# 0-1